1196 1753 1878 1801 1944 1304 1239 1571 1146 1593 1355 1768 1937 1069 1317 1874 1944 1111 1528 1389 1189 1837 1635 1024 1963 1329 1583 1511 1180 1947 1074 1011 1447 1839 1035 1446 1921 1654 1691 1337 1296 1971 1764 1399 1061 1441 1166 1153 1575 1588 1220 1835 1317 1696 1166 1661 1700 1341 1112 1406 1086 1310 1299 1866 1456 1484 1488 1817 1807 1813 1546 1435 1104 1708 1517 1390 1962 1855 1164 1135 1173 1296 1938 1466 1625 1717 1752 1415 1929 1072 1238 1047 1163 1461 1622 1948 1215 1457 1356 BCNSPRNW ULIB Ver.6.0+V

เปลี่ยนเป็นภาษาไทย

Change to English
 แสดงรายละเอียดบรรณานุกรม
  กลับหน้าหลัก

Brief Record : Get Marc (ISO 2709) : E-mail record : QR code < ปิดหน้าต่าง
LEADER : 00000nam 2200000uu 4500
001    13399111248
003     ULIB
008    110621s||||||||th 000 0 tha d
020    9746372157
050  4 BF637.B4^bอ833จ 2543
100 0  อุมาพร ตรังคสมบัติ
245 10 จิตบำบัดและการให้คำปรึกษาครอบครัว =^bFamily therapy and family counseling /^cอุมาพร ตรังคสมบัติ
246 30 Family therapy and family counseling
250    พิมพ์ครั้งที่ 1
260    กรุงเทพฯ :^bภาควิชาจิตเวชศาสตร์ คณะแพทยศาสตร์จุฬาลงกรณ์มหาวิทยาลัย,^c2540
300    383 หน้า ;^c26 ซม.
580    หนังสือดีเด่น รางวัล TTF AWARD สาขาวิทยาศาสตร์ ประจำปี พ.ศ. 2540
591    LIRS มีปี 2542
591    LICF มีปี 2544 (พิมพ์ครั้งที่ 5)
650  2 Family Therapy
650  7 จิตบำบัด
650  7 ครอบครัว
650  7 รางวัล
650  7 หนังสือดีเด่น
650  7 การวางแผนครอบครัว^zไทย
710 2  จุฬาลงกรณ์มหาวิทยาลัย. ^bคณะแพทยศาสตร์.^bภาควิชาจิตเวชศาสตร์
945    ^p400^l0^i012321
945    ^p400^l0^i012320
945    ^p400^l0^i012319
945    ^p400^l0^i012318
945    ^p400^l0^i012322
945    ^p400^l0^i012317
995    ทศพร
999 ^a ใช้งานได้ทุกระบบ
รายการนี้ยังไม่มีแท็ก
คุณยังไม่ได้ล็อกอิน คุณสามารถมีกิจกรรมร่วมกับเว็บไซต์ได้ แต่ต้องล็อกอินก่อน ::
  ล็อกอิน

รายการสื่อสารสนเทศ

ลำดับที่ ประเภท เลขเรียก/บาร์โค้ด สถานที่ สถานะ
- ไม่พบข้อมูล -

รายการใกล้เคียง
    ชื่อเรื่อง [จิตบำบัดและการให้คำปรึกษาครอบครัว = Family therapy and family counseling / อุมาพร ตรังคสมบัติ]

    ผู้แต่ง [อุมาพร ตรังคสมบัติ]

    หัวเรื่อง [Family Therapy]
    หัวเรื่อง [จิตบำบัด]
    หัวเรื่อง [ครอบครัว]
    หัวเรื่อง [รางวัล]

BibComment


ยังไม่เคยถูกคอมเมนท์

คอมเมนท์ทรัพยากรรายการนี้
  คอมเมนท์: จิตบำบัดและการให้..


 Copyright 2026. Bcnsprnw @Library